000
00274nam a2200109Ia 4500
008
231212s1986 xx 000 0 und d
041
_a
eng
082
_a
660.283
100
_a
Gandhi A. B.
245
_a
The Conservation of Foregin Exchange
260
_a
Boston
_b
Gulf Pu
_c
1986
999
_c
959777
_d
959777